Flora de la Real Expedición Botánica del Nuevo Reino de Granada : (Record no. 153002)
[ view plain ]
| 000 -LEADER | |
|---|---|
| campo de control de longitud fija | 02844nam a2200289 i 4500 |
| 001 - NÚMERO DE CONTROL | |
| campo de control | 153002 |
| 003 - IDENTIFICADOR DE NÚMERO DE CONTROL | |
| campo de control | ES-MaACL |
| 005 - FECHA Y HORA DE LA ÚLTIMA TRANSACCIÓN | |
| campo de control | 20250829103238.0 |
| 008 - DATOS DE LONGITUD FIJA--INFORMACIÓN GENERAL | |
| campo de control de longitud fija | 151216m19542010sp |||| | lat d |
| 020 ## - NÚMERO INTERNACIONAL ESTÁNDAR DEL LIBRO | |
| Número Internacional Estándar del Libro | 84-7232-734-5 |
| 080 ## - NÚMERO DE LA CLASIFICACIÓN DECIMAL UNIVERSAL | |
| Número de la Clasificación Decimal Universal | 910.4(861)"17/18":58 |
| 080 ## - NÚMERO DE LA CLASIFICACIÓN DECIMAL UNIVERSAL | |
| Número de la Clasificación Decimal Universal | 581.9(861):(0:74) |
| 245 00 - MENCIÓN DEL TÍTULO | |
| Título | Flora de la Real Expedición Botánica del Nuevo Reino de Granada : |
| Resto del título | (1783-1816) / |
| Mención de responsabilidad, etc. | promovida y dirigida por José Celestino Mutis ; publicada bajo los auspicios de los gobiernos de España y de Colombia [merced a la colaboración entre los institutos de Cultura Hispánica de Madrid y Bogotá, y el Real Jardín Botánico de Madrid ; coordinación técnica y redacción científica, Antonio González Bueno ; fotografía, Pablo Linés]. |
| 260 ## - PUBLICACIÓN, DISTRIBUCIÓN, ETC. | |
| Lugar de publicación, distribución, etc. | Madrid : |
| Nombre del editor, distribuidor, etc. | Cultura Hispánica, |
| Fecha de publicación, distribución, etc. | 1954-[2010] |
| 300 ## - DESCRIPCIÓN FÍSICA | |
| Extensión | 9 v. : |
| Otras características físicas | il. ; |
| Dimensiones | 55 cm. |
| 505 1# - NOTA DE CONTENIDO CON FORMATO | |
| Nota de contenido con formato | II. Algas, líquenes, hongos, hepáticas y musgos / determinó las láminas y redactó los textos Jaime Aguirre Ceballos, 1985 (IX, 83 p., [52] h. de lám. col. y n.) - III (I). Licopodiáceas. Hidrocaritáceas / determinaron las láminas y redactaron los textos Mª Teresa Murillo-Pulido, Santiago Díaz Piedrahita, 1985 (XI, 45 p., [37] h. de lám. col. y n.) - III (II). Ciperáceas y juncáceas / determinó las láminas y redactó los textos Luis Eduardo Mora-Osejo, 1985 (VII, 44, [47] h. de lám. col.) - V (I). Palmas y ciclantáceas / determinaron las láminas y redactaron los textos Gloria Galeano Garcés y Rodrigo Bernal-González, 1985 (VII, 36 p., [45] h. de lám. col. y n.) - VI. Liliáceas... Marantáceas / determinó las láminas y redactó los textos Gustavo Morales Lizcano, 1987 (IX, 64 p., [68] h. de lám. col. y n.) - IX. Microspermae. Orchidaceae III / determinó las láminas Charles Schweinfurth y elaboró los textos Álvaro Fernández Pérez, 1985 (43 p., [56] h. de lám. col. n.) XXXIX. Escrofulariáceas / determinó las láminas y redactó los textos José Luis Fernández Alonso; coordinación Teresa Armiñán, 1987 (IX, 92 p., [41] h. de lám. col. y n.) - XLV (I): Cucurbitales y campanulales / determinó las láminas y redactó los textos Santiago Díaz Piedrahita, 1985 (42 p., [50] h. de lám. col. y n.) - XLV (II). Cucurbitales y campanulales / determinó las láminas y redactó los textos Santiago Díaz Piedrahita,1985 (43-70 p.,[40] h. de lám. col. y n.) |
| 650 #4 - PUNTO DE ACCESO ADICIONAL DE MATERIA--TÉRMINO DE MATERIA | |
| Término de materia o nombre geográfico como elemento de entrada | Flora- |
| Subdivisión geográfica | Colombia. |
| 9 (RLIN) | 12900 |
| 650 #7 - PUNTO DE ACCESO ADICIONAL DE MATERIA--TÉRMINO DE MATERIA | |
| Término de materia o nombre geográfico como elemento de entrada | Ilustración botánica |
| Fuente del encabezamiento o término | embne |
| 9 (RLIN) | 172689 |
| 700 1# - ENTRADA AGREGADA--NOMBRE PERSONAL | |
| Nombre de persona | Mutis, José Celestino. |
| 9 (RLIN) | 84734 |
| 700 1# - ENTRADA AGREGADA--NOMBRE PERSONAL | |
| Nombre de persona | González Bueno, Antonio, |
| Fechas asociadas al nombre | 1958- |
| 9 (RLIN) | 234713 |
| 700 1# - ENTRADA AGREGADA--NOMBRE PERSONAL | |
| Nombre de persona | Linés, Pablo |
| 9 (RLIN) | 149532 |
| 710 2# - ENTRADA AGREGADA--NOMBRE DE ENTIDAD CORPORATIVA | |
| Nombre de entidad corporativa o nombre de jurisdicción como elemento de entrada | Real Jardín Botánico. |
| 9 (RLIN) | 6359 |
| 710 2# - ENTRADA AGREGADA--NOMBRE DE ENTIDAD CORPORATIVA | |
| Nombre de entidad corporativa o nombre de jurisdicción como elemento de entrada | Instituto de Cultura Hispánica (España) |
| 9 (RLIN) | 4854 |
| 710 2# - ENTRADA AGREGADA--NOMBRE DE ENTIDAD CORPORATIVA | |
| Nombre de entidad corporativa o nombre de jurisdicción como elemento de entrada | Instituto Colombiano de Cultura Hispánica. |
| 9 (RLIN) | 4815 |
| 852 ## - LOCALIZACIÓN | |
| Ubicación | ES-MaACL |
| Número de control de estantería | Z-511 |
| Estatus retirado | Estado de pérdida | Estado de daño | No para préstamo | Biblioteca de origen | Biblioteca actual | Ubicación en estantería | Fecha de adquisición | Fuente de adquisición | Total de préstamos | Signatura topográfica completa | Código de barras | Visto por última vez | Precio de reemplazo | Tipo de ítem Koha |
|---|---|---|---|---|---|---|---|---|---|---|---|---|---|---|
| Biblioteca del Ateneo de Madrid | Biblioteca del Ateneo de Madrid | Depósito Z | 16/12/2015 | Z-511 | 1194573 | 23/02/2023 | 23/02/2023 | Libro impreso |
